000 00456nam a2200157 4500
001 121230
003 ES-MaACL
005 20230906191720.0
007 t|
008 070214s1939 rm r ||||1| fre d
100 1 _aPonticvs.
_993061
245 1 3 _aLa Dobrodja
_b: coup d'oeil sur son Histoire et son caractere ethnique /
_cPonticvs.
260 _aBucarest :
_bLuceafarne,
_c1939.
300 _a74 p. ;
_c23 cm.
852 _aES-MaACL
_j1832-F-14
_bR.18638
999 _c121230
_d121230